MODERN PHARMACEUTICS:BASIC PRINCIPLES AND SYSTEM [VOL-1] (Record no. 8606)

MARC details
000 -LEADER
fixed length control field 00505nam a22001817a 4500
005 - DATE AND TIME OF LATEST TRANSACTION
control field 20240902120414.0
008 - FIXED-LENGTH DATA ELEMENTS--GENERAL INFORMATION
fixed length control field 240831b |||||||| |||| 00| 0 eng d
020 ## - INTERNATIONAL STANDARD BOOK NUMBER
ISBN 978-0-3678-9488-7
041 ## - LANGUAGE CODE
Language code of text/sound track or separate title eng
082 ## - DEWEY DECIMAL CLASSIFICATION NUMBER
Classification number 615.19 FLO
100 ## - MAIN ENTRY--AUTHOR NAME
Personal name FLORENCE, ALEXENDER T. AND SIEPMANN, JUERGEN
245 ## - TITLE STATEMENT
Title MODERN PHARMACEUTICS:BASIC PRINCIPLES AND SYSTEM [VOL-1]
250 ## - EDITION STATEMENT
Edition statement 5TH ED,
260 ## - PUBLICATION, DISTRIBUTION, ETC. (IMPRINT)
Place of publication NEW YORK
Name of publisher CRC PRESS
300 ## - PHYSICAL DESCRIPTION
Number of Pages 633; P
650 ## - SUBJECT ADDED ENTRY--TOPICAL TERM
Topical Term PHARMACY
General subdivision M.PHARMA
942 ## - ADDED ENTRY ELEMENTS (KOHA)
Koha item type Books
Holdings
Lost status Damaged status Collection code Home library Current library Shelving location Date acquired Source of acquisition Serial Enumeration / chronology Full call number Accession Number Koha item type
    PHARMACY JRU Library JRU Library SHELF-72-B 30/08/2024 PURCHASE NEW ARRIVALS SHELF 615.19 28348 Books